| 000 | 00492nam a2200181 a 4500 | ||
|---|---|---|---|
| 005 | 20210219152959.0 | ||
| 008 | 991125n 000 0 u | ||
| 035 | _aUPN01000070486 | ||
| 222 | _aCOMUNICACION EDUCATIVA SEP | ||
| 245 | _aCumplió 30 años la educación preescolar | ||
| 300 | _a14 | ||
| 362 | _a1984 Año 2, no. 14 jun. | ||
| 653 | 0 | _aEDUCACION PREESCOLAR | |
| 653 | 0 | _aESTADISTICAS EDUCATIVAS | |
| 653 | 0 | _aTABASCO (ESTADO) | |
| 904 |
_aAC _b008297 |
||
| 905 | _aArticulo | ||
| 999 |
_c65388 _d65388 |
||